000 00397nam a2200169Ia 4500
008 090711s9999 xx 000 0 und d
082 _b8539
100 _aशहा नलिनी
245 _aमळभ
260 _c1959
300 _a104
600 _aशहा नलिनी
630 _aमळभ
700 _aशहा नलिनी
730 _aमळभ
942 _cBOOK
999 _c306737
_d306737